<?xml version="1.0" encoding="UTF-8"?>
<record
    xmlns:xsi="http://www.w3.org/2001/XMLSchema-instance"
    xsi:schemaLocation="http://www.loc.gov/MARC21/slim http://www.loc.gov/standards/marcxml/schema/MARC21slim.xsd"
    xmlns="http://www.loc.gov/MARC21/slim">

  <leader>02170nam a22002777a 4500</leader>
  <datafield tag="999" ind1=" " ind2=" ">
    <subfield code="c">21752</subfield>
    <subfield code="d">21752</subfield>
  </datafield>
  <controlfield tag="003">AR-CdUCM</controlfield>
  <controlfield tag="008">190425b           ||||| |||| 00| 0 spa d</controlfield>
  <datafield tag="040" ind1=" " ind2=" ">
    <subfield code="a">MUNICIPALIDAD PROVINCIAL DEL CUSCO</subfield>
    <subfield code="c">BIBLIOTECA MUNICIPAL DEL CUSCO</subfield>
  </datafield>
  <datafield tag="082" ind1=" " ind2=" ">
    <subfield code="a">Rev.Univ/N&#xB0;98/1950</subfield>
  </datafield>
  <datafield tag="110" ind1=" " ind2=" ">
    <subfield code="a">Universidad Nacional de San Antonio Abad del Cusco</subfield>
    <subfield code="9">15942</subfield>
  </datafield>
  <datafield tag="245" ind1=" " ind2=" ">
    <subfield code="a">Revista Universitaria :</subfield>
    <subfield code="b">&#xD3;rgano de la Universidad del Cuzco /</subfield>
  </datafield>
  <datafield tag="260" ind1=" " ind2=" ">
    <subfield code="a">Cusco :</subfield>
    <subfield code="b">H.G. Rozas,</subfield>
    <subfield code="c">1950.</subfield>
  </datafield>
  <datafield tag="300" ind1=" " ind2=" ">
    <subfield code="a">444 p&#xE1;ginas. :</subfield>
    <subfield code="c">20 cm.</subfield>
  </datafield>
  <datafield tag="440" ind1=" " ind2=" ">
    <subfield code="a">Revista Universitaria</subfield>
    <subfield code="n">A&#xF1;o XXXVIII, 1&#xB0; semestre 1950, N&#xB0;98.</subfield>
    <subfield code="9">45966</subfield>
  </datafield>
  <datafield tag="505" ind1=" " ind2=" ">
    <subfield code="a">Contenido: El terremoto del Cuzco la visita del presidente de la Rep&#xFA;blica General Odr&#xED;a y sus ministros. -- Fundaci&#xF3;n de extensi&#xF3;n social que compete a la Universidad en aplicaciones de la psicotecnia. Rafael Calder&#xF3;n Pe&#xF1;aylillo. -- La arquitectura peruana. Charles Wiener. -- El ejercicio de la Medicina durante los siglos XVI, XVII y XVIII. Juan B, Lastres. -- La estad&#xED;stica en el imperio de los incas. Jorge Guillermo Llosa. --  Lecciones de Quechua Qheswa. Andr&#xE9;s Alencastre G. -- Cultivo cosecha y beneficio de la ca&#xF1;a. Alfredo Bustamante Ch&#xE1;vez. -- El mineral de Hualgayoc a fines del siglo XVIII. Horacio Villanueva Urteaga. -- El terremoto del Cuzco. Horacio Villanueva Urteaga. -- El problema del cocaismo y la escuela rural. Benjam&#xED;n Rojas D&#xED;az. -- Elogio de San Mart&#xED;n. Jos&#xE9; Gabriel Cosio. -- Humanismo, Ciencia y conocimiento. Ra&#xFA;l Vallejos. -- Hay dos poema. Gabriela Mistral. -- Los fundamentos del profetismo hist&#xF3;rico de Spengler. M. Astete Abril. -- El Per&#xFA; de los Incas el Tahuantinsuyo. Luis Eduardo Enr&#xED;quez. --  Homenaje al pr&#xF3;cer Tupac Amaru discurso. Jos&#xE9; Gabriel Cosio. -- Las Universidades del Cusco y M&#xE9;xico fraternizan.</subfield>
  </datafield>
  <datafield tag="650" ind1=" " ind2=" ">
    <subfield code="a">Terremoto del Cusco</subfield>
    <subfield code="9">45967</subfield>
  </datafield>
  <datafield tag="650" ind1=" " ind2=" ">
    <subfield code="a">Arquitectura peruana</subfield>
    <subfield code="9">18619</subfield>
  </datafield>
  <datafield tag="650" ind1=" " ind2=" ">
    <subfield code="a">Historia Medicina</subfield>
    <subfield code="9">45968</subfield>
  </datafield>
  <datafield tag="650" ind1=" " ind2=" ">
    <subfield code="a">Coca</subfield>
    <subfield code="9">21158</subfield>
  </datafield>
  <datafield tag="650" ind1=" " ind2=" ">
    <subfield code="a">Estad&#xED;stica Inka</subfield>
    <subfield code="9">45969</subfield>
  </datafield>
  <datafield tag="700" ind1=" " ind2=" ">
    <subfield code="a">Cornejo Bouroncle, Jorge</subfield>
    <subfield code="9">15278</subfield>
  </datafield>
  <datafield tag="700" ind1=" " ind2=" ">
    <subfield code="a">Villanueva Urteaga, Horacio</subfield>
    <subfield code="9">5790</subfield>
  </datafield>
  <datafield tag="710" ind1=" " ind2=" ">
    <subfield code="a">Universidad Nacional de San Antonio Abad del Cusco</subfield>
    <subfield code="9">15942</subfield>
  </datafield>
  <datafield tag="942" ind1=" " ind2=" ">
    <subfield code="2">ddc</subfield>
    <subfield code="c">PP</subfield>
  </datafield>
  <datafield tag="945" ind1=" " ind2=" ">
    <subfield code="a">rac</subfield>
  </datafield>
  <datafield tag="952" ind1=" " ind2=" ">
    <subfield code="0">0</subfield>
    <subfield code="2">ddc</subfield>
    <subfield code="4">0</subfield>
    <subfield code="7">0</subfield>
    <subfield code="a">HEM</subfield>
    <subfield code="b">HEM</subfield>
    <subfield code="c">CART</subfield>
    <subfield code="d">2021-07-02</subfield>
    <subfield code="g">10.00</subfield>
    <subfield code="o">Rev.Univ/N&#xB0;98/1950</subfield>
    <subfield code="p">REVC000131</subfield>
    <subfield code="r">2021-07-02</subfield>
    <subfield code="y">PP</subfield>
  </datafield>
  <datafield tag="952" ind1=" " ind2=" ">
    <subfield code="0">0</subfield>
    <subfield code="2">ddc</subfield>
    <subfield code="4">0</subfield>
    <subfield code="7">0</subfield>
    <subfield code="a">HEM</subfield>
    <subfield code="b">HEM</subfield>
    <subfield code="c">CART</subfield>
    <subfield code="d">2021-07-02</subfield>
    <subfield code="g">10.00</subfield>
    <subfield code="o">Rev.Univ/N&#xB0;98/1950/e.2</subfield>
    <subfield code="p">REVC000132</subfield>
    <subfield code="r">2021-07-02</subfield>
    <subfield code="y">PP</subfield>
  </datafield>
</record>
